[Event "402 Stay Safe Play From Home series"]
[Site "Emanuel Lasker Arena"]
[Date "2020.08.21"]
[Round "4"]
[White "Kongle"]
[Black "Haris kollari 13"]
[Result "0-1"]
[WhiteElo "1726"]
[BlackElo "1888"]
[Annotator "NA RC"]
[PlyCount "92"]
[EventDate "2020.08.21"]
[EventType "swiss (blitz)"]

1. d4 {[%emt 0:00:10]} d5 {[%emt 0:00:02]} 2. c4 {[%emt 0:00:03]} e5 {[%emt 0:00:01]} 3. dxe5 {[%emt 0:00:02]} d4 {[%emt 0:00:00]} 4. a3 {[%emt 0:00:01]} Nc6 {[%emt 0:00:01]} 5. Nf3 {[%emt 0:00:03]} Bg4 {[%emt 0:00:01]} 6. Bf4 {[%emt 0:00:01]} Nge7 {[%emt 0:00:02]} 7. e4 {[%emt 0:00:02]} Ng6 {[%emt 0:00:05]} 8. Bg3 {[%emt 0:00:01]} Ngxe5 {[%emt 0:00:03]} 9. Be2 {[%emt 0:00:07]} d3 {[%emt 0:00:11]} 10. Bxe5 {[%emt 0:00:03]} dxe2 {[%emt 0:00:02]} 11. Qxd8+ {[%emt 0:00:05]} Rxd8 {[%emt 0:00:03]} 12. Bxc7 {[%emt 0:00:03]} Rd1+ {[%emt 0:00:02]} 13. Kxe2 {[%emt 0:00:01]} Rxh1 {[%emt 0:00:01]} 14. b4 {[%emt 0:00:16]} Nd4+ {[%emt 0:00:01]} 15. Ke3 {[%emt 0:00:02]} Nc2+ {[%emt 0:00:01]} 16. Kf4 {[%emt 0:00:01]} Bxf3 {[%emt 0:00:02]} 17. Ra2 {[%emt 0:00:02]} Bxg2 {[%emt 0:00:15]} 18. Nd2 {[%emt 0:00:05]} Nd4 {[%emt 0:00:03]} 19. Kg3 {[%emt 0:00:02]} Bf1 {[%emt 0:00:09]} 20. Nxf1 {[%emt 0:00:04]} Rxf1 {[%emt 0:00:02]} 21. Rd2 {[%emt 0:00:01]} Ne6 {[%emt 0:00:02]} 22. Bb8 {[%emt 0:00:03]} Be7 {[%emt 0:00:02]} 23. Bxa7 {[%emt 0:00:02]} O-O {[%emt 0:00:02]} 24. a4 {[%emt 0:00:02]} Bxb4 {[%emt 0:00:02]} 25. Rb2 {[%emt 0:00:04]} Bc5 {[%emt 0:00:03]} 26. Kg2 {[%emt 0:00:03]} Rc1 {[%emt 0:00:09]} 27. Bxc5 {[%emt 0:00:04]} Nxc5 {[%emt 0:00:02]} 28. f3 {[%emt 0:00:02]} Rxc4 {[%emt 0:00:02]} 29. a5 {[%emt 0:00:03]} Ra8 {[%emt 0:00:02]} 30. Rb5 {[%emt 0:00:03]} f6 {[%emt 0:00:03]} 31. h4 {[%emt 0:00:06]} Kf7 {[%emt 0:00:01]} 32. Kg3 {[%emt 0:00:02]} Ra7 {[%emt 0:00:01]} 33. Kf4 {[%emt 0:00:01]} Nd7 {[%emt 0:00:02]} 34. h5 {[%emt 0:00:05]} Rc5 {[%emt 0:00:01]} 35. Rb2 {[%emt 0:00:12]} Rxh5 {[%emt 0:00:02]} 36. Rd2 {[%emt 0:00:02]} Ke7 {[%emt 0:00:04]} 37. Kg4 {[%emt 0:00:03]} Rhxa5 {[%emt 0:00:02]} 38. f4 {[%emt 0:00:01]} Ra4 {[%emt 0:00:02]} 39. Re2 {[%emt 0:00:06]} h6 {[%emt 0:00:02]} 40. Kh5 {[%emt 0:00:02]} R7a5+ {[%emt 0:00:07]} 41. Kg6 {[%emt 0:00:01]} Kf8 {[%emt 0:00:08]} 42. Rd2 {[%emt 0:00:02]} Rxe4 {[%emt 0:00:05]} 43. Rxd7 {[%emt 0:00:02]} Rxf4 {[%emt 0:00:07]} 44. Rf7+ {[%emt 0:00:03]} Ke8 {[%emt 0:00:01]} 45. Kxg7 {[%emt 0:00:12]} Rg4+ {[%emt 0:00:06]} 46. Kxf6 {[%emt 0:00:02]} Rf4+ {[%emt 0:00:02] Kongle resigns Kongle resigns Kongle resigns (Lag: Av=0.68s, max=1.0s) (Lag: Av=0.68s, max=1.0s) (Lag: Av=0.68s, max=1.0s)} 0-1

[Event "402 Stay Safe Play From Home series"]
[Site "Emanuel Lasker Arena"]
[Date "2020.08.21"]
[Round "4"]
[White "Timbre"]
[Black "Erdema"]
[Result "0-1"]
[WhiteElo "1643"]
[BlackElo "1703"]
[Annotator "NA RC"]
[PlyCount "33"]
[EventDate "2020.08.21"]
[EventType "swiss (blitz)"]

1. d4 {[%emt 0:00:19]} d5 {[%emt 0:00:02]} 2. Nf3 {[%emt 0:00:01]} Nc6 {[%emt 0:00:02]} 3. c3 {[%emt 0:00:01]} e6 {[%emt 0:00:02]} 4. Bf4 {[%emt 0:00:01]} Bd6 {[%emt 0:00:02]} 5. Bg3 {[%emt 0:00:02]} Nf6 {[%emt 0:00:04]} 6. Nbd2 {[%emt 0:00:02]} O-O {[%emt 0:00:02]} 7. e3 {[%emt 0:00:01]} Re8 {[%emt 0:00:01]} 8. Be2 {[%emt 0:00:02]} e5 {[%emt 0:00:02]} 9. dxe5 {[%emt 0:00:02]} Nxe5 {[%emt 0:00:02]} 10. Nxe5 {[%emt 0:00:01]} Bxe5 {[%emt 0:00:01]} 11. Nf3 {[%emt 0:00:01]} Bd6 {[%emt 0:00:06]} 12. Qc2 {[%emt 0:00:01]} g6 {[%emt 0:00:05]} 13. Rd1 {[%emt 0:00:02]} c6 {[%emt 0:00:02]} 14. b3 {[%emt 0:00:03]} Bf5 {[%emt 0:00:05]} 15. c4 {[%emt 0:00:01]} Bxc2 {[%emt 0:00:02]} 16. Rc1 {[%emt 0:00:10]} Bb4+ {[%emt 0:00:03]} 17. Kf1 {[%emt 0:00:02] Timbre resigns Timbre resigns Timbre resigns (Lag: Av=0.46s, max=0.6s) (Lag: Av=0.46s, max=0.6s) (Lag: Av=0.46s, max=0.6s)} 0-1

[Event "402 Stay Safe Play From Home series"]
[Site "Emanuel Lasker Arena"]
[Date "2020.08.21"]
[Round "5"]
[White "Dukic"]
[Black "Patzeroglu"]
[Result "1/2-1/2"]
[WhiteElo "1962"]
[BlackElo "1980"]
[Annotator "TA"]
[PlyCount "96"]
[EventDate "2020.08.21"]
[EventType "swiss (blitz)"]

{[%evp 16,96,51,45,58,53,56,18,85,81,127,0,0,0,0,0,0,-8,15,15,18,15,22,-39,17,-40,-45,-43,-32,-62,-32,-36,-41,-37,-44,-43,-32,-44,-37,-912,-40,-43,-35,-62,-24,-38,-36,-36,-15,-22,1,0,0,0,0,0,0,0,0,0,0,0,29,0,57,57,115,109,201,207,348,349,341,339,335,0,202,0,312,282,318,0,23]} 1. c4 e6 2. Nc3 Nf6 3. d4 d5 4. Bg5 Be7 5. e3 O-O 6. Nf3 Nbd7 7. Qc2 c6 8. Bd3 Re8 {Recently 8...h6 got a lot of attention.} 9. O-O a6 {D61: Queen's Gambit Declined: Classical: 7 Qc2.} 10. Rfd1 h6 {...dxc4 is the strong threat.} 11. Bh4 {[#]} b5 $146 (11... b6 $11) ({Predecessor:} 11... dxc4 12. Bxc4 Qa5 13. a3 c5 14. dxc5 Qxc5 15. Ba2 b5 16. Rac1 Bb7 17. Bb1 Nf8 18. Bxf6 Bxf6 {½-½ (43) Bogocki,C (2011)-Mantorski,R Kolobrzeg 2008}) 12. c5 $16 ({Much weaker is} 12. cxb5 $6 cxb5 13. a4 b4 $11) 12... e5 13. Nxe5 (13. dxe5 $16 Ng4 14. Bg3) 13... Nxe5 $11 14. dxe5 Ng4 $36 {[%mdl 2048] Black has good play.} 15. Bg3 {And now h3 would win.} Bh4 $1 16. Ne2 Nxe5 17. Bxe5 Rxe5 18. Nd4 Bd7 19. Qe2 (19. b4 $11) 19... Bf6 (19... a5 $15) 20. Rac1 (20. a4 $11) 20... a5 $15 {[%cal Ba6a5,Ba5a4][%mdl 32]} 21. Qf3 a4 22. Rc2 Re8 23. Bf5 Bxd4 24. Rxd4 Bxf5 25. Qxf5 Qe7 26. Qg4 Qe5 27. Qg3 $2 {[%mdl 8192] [#]} (27. Rcd2 $15) 27... Qxg3 $2 (27... Qxd4 $1 $19 {[%cal Rd4d1][%mdl 512]} 28. Qf3 (28. exd4 Re1#) 28... a3) 28. hxg3 $19 {[%mdl 4096] Endgame KRR-KRR} f5 29. Kf1 Re4 30. Ke2 Rxd4 31. exd4 $15 {KR-KR} Re8+ 32. Kd3 Re4 33. f3 Re1 34. Kc3 Kf7 35. Rd2 Re8 36. Kb4 Ra8 37. Re2 Kf6 38. Re5 g5 39. f4 gxf4 ({Better is} 39... Rg8 $1 $11) 40. gxf4 $14 Rg8 ({Black should try} 40... a3 $1 $14) 41. Re2 $16 Ra8 (41... a3 $16) 42. a3 $1 $18 h5 (42... Kf7 {is a better defense.} 43. Re5 Kf6) 43. g3 Kf7 44. Re3 $1 Kf6 {intending ...Kf7.} 45. Re2 $2 ({White must play} 45. Re5 $18 Rg8 46. Ka5) 45... Rg8 $2 {[#]} (45... Kf7 $1 $11 {and Black is okay.}) 46. Re3 (46. Ka5 $142 $1) 46... Ra8 $1 47. Re5 Rg8 {[#]} 48. Re3 $2 (48. Ka5 $1 $18) 48... Ra8 $1 {White used his chance. Accuracy: White = 67%, Black = 57%.} 1/2-1/2

[Event "402 Stay Safe Play From Home series"]
[Site "Emanuel Lasker Arena"]
[Date "2020.08.21"]
[Round "5"]
[White "Haris kollari 13"]
[Black "Erdema"]
[Result "0-1"]
[WhiteElo "1897"]
[BlackElo "1717"]
[Annotator "NA RC"]
[PlyCount "124"]
[EventDate "2020.08.21"]
[EventType "swiss (blitz)"]

1. e4 {[%emt 0:00:01]} e5 {[%emt 0:00:02]} 2. Nf3 {[%emt 0:00:01]} Nc6 {[%emt 0:00:01]} 3. Bb5 {[%emt 0:00:01]} a6 {[%emt 0:00:02]} 4. Ba4 {[%emt 0:00:01]} Bc5 {[%emt 0:00:02]} 5. O-O {[%emt 0:00:02]} b5 {[%emt 0:00:01]} 6. Bb3 {[%emt 0:00:01]} h6 {[%emt 0:00:02]} 7. d3 {[%emt 0:00:01]} Nf6 {[%emt 0:00:02]} 8. h3 {[%emt 0:00:01]} O-O {[%emt 0:00:02]} 9. c3 {[%emt 0:00:13]} d5 {[%emt 0:00:09]} 10. exd5 {[%emt 0:00:03]} Nxd5 {[%emt 0:00:02]} 11. Re1 {[%emt 0:00:02]} Re8 {[%emt 0:00:02]} 12. Be3 {[%emt 0:00:06]} Nxe3 {[%emt 0:00:03]} 13. fxe3 {[%emt 0:00:01]} Bf5 {[%emt 0:00:08]} 14. d4 {[%emt 0:00:02]} exd4 {[%emt 0:00:03]} 15. exd4 {[%emt 0:00:01]} Bd6 {[%emt 0:00:08]} 16. Nbd2 {[%emt 0:00:03]} Na5 {[%emt 0:00:06]} 17. Bd5 {[%emt 0:00:03]} Bh2+ {[%emt 0:00:07]} 18. Kxh2 {[%emt 0:00:03]} Qxd5 {[%emt 0:00:02]} 19. Rxe8+ {[%emt 0:00:04]} Rxe8 {[%emt 0:00:02]} 20. Qf1 {[%emt 0:00:05]} Qd6+ {[%emt 0:00:04]} 21. Kh1 {[%emt 0:00:04]} Qg3 {[%emt 0:00:06]} 22. Re1 {[%emt 0:00:10]} Rxe1 {[%emt 0:00:08]} 23. Qxe1 {[%emt 0:00:01]} Qxe1+ {[%emt 0:00:03]} 24. Nxe1 {[%emt 0:00:01]} Be6 {[%emt 0:00:05]} 25. b3 {[%emt 0:00:03]} Nb7 {[%emt 0:00:03]} 26. Kg1 {[%emt 0:00:02]} c5 {[%emt 0:00:02]} 27. Nd3 {[%emt 0:00:07]} cxd4 {[%emt 0:00:04]} 28. cxd4 {[%emt 0:00:01]} Nd6 {[%emt 0:00:05]} 29. Nc5 {[%emt 0:00:02]} Bc8 {[%emt 0:00:03]} 30. Nf3 {[%emt 0:00:02]} f6 {[%emt 0:00:02]} 31. Kf2 {[%emt 0:00:01]} Kf7 {[%emt 0:00:02]} 32. Ke3 {[%emt 0:00:02]} a5 {[%emt 0:00:07]} 33. h4 {[%emt 0:00:04]} Nb7 {[%emt 0:00:04]} 34. Nxb7 {[%emt 0:00:03]} Bxb7 {[%emt 0:00:02]} 35. Ne1 {[%emt 0:00:00]} Ke6 {[%emt 0:00:03]} 36. g3 {[%emt 0:00:01]} g5 {[%emt 0:00:02]} 37. Nd3 {[%emt 0:00:02]} Kd5 {[%emt 0:00:06]} 38. hxg5 {[%emt 0:00:04]} fxg5 {[%emt 0:00:04]} 39. Nc5 {[%emt 0:00:02]} Bc6 {[%emt 0:00:04]} 40. Ne4 {[%emt 0:00:06]} Ke6 {[%emt 0:00:06]} 41. Nc3 {[%emt 0:00:04]} h5 {[%emt 0:00:05]} 42. a3 {[%emt 0:00:07]} b4 {[%emt 0:00:03]} 43. axb4 {[%emt 0:00:03]} axb4 {[%emt 0:00:01]} 44. Na2 {[%emt 0:00:01]} Bd5 {[%emt 0:00:02]} 45. Nxb4 {[%emt 0:00:01]} Bxb3 {[%emt 0:00:02]} 46. Ke4 {[%emt 0:00:01]} h4 {[%emt 0:00:04]} 47. g4 {[%emt 0:00:07]} Ba4 {[%emt 0:00:08]} 48. d5+ {[%emt 0:00:01]} Kf6 {[%emt 0:00:02]} 49. Nc6 {[%emt 0:00:11]} Bxc6 {[%emt 0:00:03]} 50. dxc6 {[%emt 0:00:01]} Ke6 {[%emt 0:00:01]} 51. c7 {[%emt 0:00:06]} Kd7 {[%emt 0:00:02]} 52. Kf5 {[%emt 0:00:00]} h3 {[%emt 0:00:03]} 53. Kxg5 {[%emt 0:00:01]} h2 {[%emt 0:00:01]} 54. Kf6 {[%emt 0:00:00]} h1=Q {[%emt 0:00:01]} 55. c8=Q+ {[%emt 0:00:04]} Kxc8 {[%emt 0:00:02]} 56. g5 {[%emt 0:00:01]} Qh4 {[%emt 0:00:02]} 57. Kf5 {[%emt 0:00:02]} Qf2+ {[%emt 0:00:02]} 58. Kg6 {[%emt 0:00:01]} Kd7 {[%emt 0:00:01]} 59. Kh7 {[%emt 0:00:01]} Ke7 {[%emt 0:00:01]} 60. g6 {[%emt 0:00:01]} Kf6 {[%emt 0:00:05]} 61. g7 {[%emt 0:00:03]} Qa7 {[%emt 0:00:04]} 62. Kh6 {[%emt 0:00:02]} Qxg7+ {[%emt 0:00:02] Haris kollari 13 resigns Haris kollari 13 resigns Haris kollari 13 resigns (Lag: Av=0.62s, max=1.0s) (Lag: Av=0.62s, max=1.0s) (Lag: Av=0.62s, max=1.0s)} 0-1

[Event "402 Stay Safe Play From Home series"]
[Site "Emanuel Lasker Arena"]
[Date "2020.08.21"]
[Round "5"]
[White "Schachwerk_64"]
[Black "Hickey"]
[Result "1-0"]
[WhiteElo "1895"]
[BlackElo "2124"]
[Annotator "NA RC"]
[PlyCount "85"]
[EventDate "2020.08.21"]
[EventType "swiss (blitz)"]

1. e4 {[%emt 0:00:03]} c6 {[%emt 0:00:02]} 2. d4 {[%emt 0:00:01]} d5 {[%emt 0:00:00]} 3. Nd2 {[%emt 0:00:01]} dxe4 {[%emt 0:00:05]} 4. Nxe4 {[%emt 0:00:00]} Bf5 {[%emt 0:00:00]} 5. Ng3 {[%emt 0:00:01]} Bg6 {[%emt 0:00:01]} 6. h4 {[%emt 0:00:02]} h6 {[%emt 0:00:01]} 7. Nf3 {[%emt 0:00:01]} Nd7 {[%emt 0:00:02]} 8. h5 {[%emt 0:00:01]} Bh7 {[%emt 0:00:01]} 9. Bd3 {[%emt 0:00:01]} Bxd3 {[%emt 0:00:00]} 10. Qxd3 {[%emt 0:00:00]} e6 {[%emt 0:00:01]} 11. Bd2 {[%emt 0:00:03]} Ngf6 {[%emt 0:00:11]} 12. O-O-O {[%emt 0:00:03]} Be7 {[%emt 0:00:00]} 13. Kb1 {[%emt 0:00:02]} O-O {[%emt 0:00:05]} 14. Ne4 {[%emt 0:00:03]} Nxe4 {[%emt 0:00:01]} 15. Qxe4 {[%emt 0:00:00]} Nf6 {[%emt 0:00:00]} 16. Qe2 {[%emt 0:00:02]} Qd5 {[%emt 0:00:01]} 17. Be3 {[%emt 0:00:06]} Qb5 {[%emt 0:00:01]} 18. c4 {[%emt 0:00:15]} Qf5+ {[%emt 0:00:01]} 19. Ka1 {[%emt 0:00:02]} c5 {[%emt 0:00:03]} 20. Nh4 {[%emt 0:00:11]} Qxh5 {[%emt 0:00:11]} 21. g4 {[%emt 0:00:01]} Qxg4 {[%emt 0:00:12]} 22. f3 {[%emt 0:00:34]} Qh5 {[%emt 0:00:06]} 23. Rdg1 {[%emt 0:01:02]} cxd4 {[%emt 0:00:55]} 24. Bxh6 {[%emt 0:00:06]} Ne8 {[%emt 0:01:10]} 25. Ng2 {[%emt 0:00:29]} Qxh1 {[%emt 0:00:08]} 26. Rxh1 {[%emt 0:00:02]} gxh6 {[%emt 0:00:03]} 27. Rxh6 {[%emt 0:00:05]} Kg7 {[%emt 0:00:01]} 28. Rh3 {[%emt 0:00:05]} Rg8 {[%emt 0:00:07]} 29. a3 {[%emt 0:00:22]} Kf8 {[%emt 0:00:06]} 30. Nf4 {[%emt 0:00:01]} Nd6 {[%emt 0:00:17]} 31. Qd3 {[%emt 0:00:08]} Rc8 {[%emt 0:00:04]} 32. Qxd4 {[%emt 0:00:04]} Nf5 {[%emt 0:00:01]} 33. Qxa7 {[%emt 0:00:03]} Rxc4 {[%emt 0:00:02]} 34. Nd3 {[%emt 0:00:01]} Rg1+ {[%emt 0:00:02]} 35. Ka2 {[%emt 0:00:01]} Nd4 {[%emt 0:00:02]} 36. Qb8+ {[%emt 0:00:01]} Kg7 {[%emt 0:00:01]} 37. Rg3+ {[%emt 0:00:03]} Rxg3 {[%emt 0:00:01]} 38. Qxg3+ {[%emt 0:00:01]} Kf8 {[%emt 0:00:01]} 39. Ne5 {[%emt 0:00:02]} Bf6 {[%emt 0:00:04]} 40. Nxc4 {[%emt 0:00:03]} Nf5 {[%emt 0:00:01]} 41. Qb8+ {[%emt 0:00:02]} Kg7 {[%emt 0:00:01]} 42. Ne5 {[%emt 0:00:01]} Nd4 {[%emt 0:00:03]} 43. Qc7 {[%emt 0:00:02] Time Time Time (Lag: Av=0.63s, max=1.5s) (Lag: Av=0.63s, max=1.5s) (Lag: Av=0.63s, max=1.5s)} 1-0

[Event "402 Stay Safe Play From Home series"]
[Site "Emanuel Lasker Arena"]
[Date "2020.08.21"]
[Round "5"]
[White "Padmaesh M K"]
[Black "Chesstiger9"]
[Result "0-1"]
[WhiteElo "1851"]
[BlackElo "2128"]
[Annotator "TA"]
[PlyCount "72"]
[EventDate "2020.08.21"]
[EventType "swiss (blitz)"]

{[%evp 9,72,25,16,-6,40,46,69,60,67,77,67,-3,16,8,50,29,31,23,43,31,179,174,146,91,101,98,104,73,72,66,92,78,91,76,70,-2,38,0,0,0,0,0,0,0,0,-1221,-1204,-1375,-1031,-1029,-1025,-1017,-1018,-989,-989,-990,-991,-1040,-1012,-4902,-4675,-29982,-29983,-29980,-29982]} 1. Nf3 c5 2. c4 Nf6 3. g3 d5 4. cxd5 Nxd5 5. Bg2 Nc6 6. O-O {A30: Symmetrical English: Double Fianchetto and Hedgehog.} g6 7. d4 cxd4 8. Nxd4 {White is slightly better.} Bg7 9. Nxc6 bxc6 10. Qc2 ({White should play} 10. e4 $14 Nb6 11. Qc2) 10... Qb6 {[#]} 11. Nc3 $146 ({Predecessor:} 11. a3 O-O 12. e4 Nc7 13. Nc3 Ba6 14. Be3 Qa5 15. Rfd1 Rfd8 16. Rxd8+ Rxd8 17. Rd1 {½-½ (55) Tokman,A (2316)-Tarini,G (2164) chess.com INT 2020}) 11... Nb4 12. Qb3 Be6 13. Qa4 {[#] Threatens to win with Be3.} O-O 14. Be3 c5 (14... Qb8 $14) 15. a3 Bxc3 16. axb4 (16. bxc3 $142 Nd5 17. Bh6) 16... Bxb4 $16 17. Bxa8 Rxa8 18. Rfd1 a5 19. Bd2 Bh3 {With the idea ...Qe6.} 20. Bxb4 cxb4 21. Rdc1 Qd4 22. Qc6 (22. Qb3 $14) 22... Rd8 23. Qc5 Qe4 $40 {[%csl Gh3][%cal Re4g2][%mdl 128] Black is up to no good.} 24. f3 Qxe2 {[%csl Gh3][%cal Re2g2]} 25. Qf2 {[#]} Rd2 $1 26. Qxe2 Rxe2 27. Rc8+ $2 {[%mdl 8192]} (27. b3 $11) 27... Bxc8 $19 28. Rxa5 Rxb2 {[%mdl 4096] Endgame White must now prevent ...b3. KRB-KR} 29. Ra8 Rc2 30. Rb8 Rc4 31. Kf2 Kg7 32. Ke3 Be6 33. Kd3 Rc3+ 34. Ke4 b3 35. Rb4 Rc4+ 36. Rxc4 Bxc4 {Quite a comeback for Black. Accuracy: White = 61%, Black = 57%.} 0-1

[Event "402 Stay Safe Play From Home series"]
[Site "Emanuel Lasker Arena"]
[Date "2020.08.21"]
[Round "5"]
[White "Bytheway09"]
[Black "Timbre"]
[Result "1/2-1/2"]
[WhiteElo "1788"]
[BlackElo "1629"]
[Annotator "NA RC"]
[PlyCount "78"]
[EventDate "2020.08.21"]
[EventType "swiss (blitz)"]

1. d4 {[%emt 0:00:06]} d5 {[%emt 0:00:11]} 2. Bf4 {[%emt 0:00:02]} c6 {[%emt 0:00:01]} 3. e3 {[%emt 0:00:02]} Nf6 {[%emt 0:00:01]} 4. Bd3 {[%emt 0:00:04]} Bg4 {[%emt 0:00:04]} 5. Nf3 {[%emt 0:00:04]} e6 {[%emt 0:00:02]} 6. h3 {[%emt 0:00:02]} Bh5 {[%emt 0:00:03]} 7. Nbd2 {[%emt 0:00:01]} Bd6 {[%emt 0:00:03]} 8. Bxd6 {[%emt 0:00:02]} Qxd6 {[%emt 0:00:01]} 9. c3 {[%emt 0:00:04]} Nbd7 {[%emt 0:00:02]} 10. e4 {[%emt 0:00:01]} dxe4 {[%emt 0:00:02]} 11. Nxe4 {[%emt 0:00:00]} Nxe4 {[%emt 0:00:02]} 12. Bxe4 {[%emt 0:00:00]} Nf6 {[%emt 0:00:01]} 13. Bc2 {[%emt 0:00:02]} O-O {[%emt 0:00:01]} 14. O-O {[%emt 0:00:03]} c5 {[%emt 0:00:01]} 15. Qd3 {[%emt 0:00:08]} cxd4 {[%emt 0:00:02]} 16. Nxd4 {[%emt 0:00:02]} Bg6 {[%emt 0:00:03]} 17. Qe2 {[%emt 0:00:03]} Bxc2 {[%emt 0:00:03]} 18. Qxc2 {[%emt 0:00:00]} Rac8 {[%emt 0:00:03]} 19. Rad1 {[%emt 0:00:02]} a6 {[%emt 0:00:04]} 20. Qe2 {[%emt 0:00:14]} Qb6 {[%emt 0:00:04]} 21. Rd3 {[%emt 0:00:18]} h6 {[%emt 0:00:03]} 22. Rg3 {[%emt 0:00:01]} Rc5 {[%emt 0:00:05]} 23. b4 {[%emt 0:00:07]} Rg5 {[%emt 0:00:05]} 24. Rxg5 {[%emt 0:00:02]} hxg5 {[%emt 0:00:02]} 25. Qe5 {[%emt 0:00:27]} Nd5 {[%emt 0:00:06]} 26. Rc1 {[%emt 0:00:10]} Qd8 {[%emt 0:00:08]} 27. a3 {[%emt 0:00:03]} Nf4 {[%emt 0:00:05]} 28. Nf3 {[%emt 0:00:07]} Nd3 {[%emt 0:00:05]} 29. Qe3 {[%emt 0:00:04]} Nxc1 {[%emt 0:00:04]} 30. Qxc1 {[%emt 0:00:00]} g4 {[%emt 0:00:11]} 31. hxg4 {[%emt 0:00:02]} Qd3 {[%emt 0:00:03]} 32. Ne5 {[%emt 0:00:04]} Qe4 {[%emt 0:00:05]} 33. Nd7 {[%emt 0:00:14]} Rd8 {[%emt 0:00:04]} 34. Qd2 {[%emt 0:00:08]} Qd5 {[%emt 0:00:27]} 35. Qxd5 {[%emt 0:00:06]} exd5 {[%emt 0:00:02]} 36. Nc5 {[%emt 0:00:02]} Rb8 {[%emt 0:00:04]} 37. Nd7 {[%emt 0:00:03]} Rd8 {[%emt 0:00:03]} 38. Nc5 {[%emt 0:00:01]} Rb8 {[%emt 0:00:02]} 39. Nd7 {[%emt 0:00:01]} Rd8 {[%emt 0:00:01] Threefold Rep Threefold Rep Threefold Rep} 1/2-1/2

[Event "402 Stay Safe Play From Home series"]
[Site "Emanuel Lasker Arena"]
[Date "2020.08.21"]
[Round "5"]
[White "Shakh"]
[Black "Kongle"]
[Result "1-0"]
[WhiteElo "1731"]
[BlackElo "1716"]
[Annotator "NA RC"]
[PlyCount "97"]
[EventDate "2020.08.21"]
[EventType "swiss (blitz)"]

1. d4 {[%emt 0:00:04]} Nf6 {[%emt 0:00:05]} 2. c4 {[%emt 0:00:01]} e6 {[%emt 0:00:03]} 3. g3 {[%emt 0:00:02]} d5 {[%emt 0:00:02]} 4. cxd5 {[%emt 0:00:02]} exd5 {[%emt 0:00:02]} 5. Bg2 {[%emt 0:00:01]} Bd6 {[%emt 0:00:02]} 6. Nc3 {[%emt 0:00:01]} c6 {[%emt 0:00:01]} 7. h4 {[%emt 0:00:01]} O-O {[%emt 0:00:01]} 8. Nh3 {[%emt 0:00:01]} h6 {[%emt 0:00:01]} 9. Bf4 {[%emt 0:00:03]} Bg4 {[%emt 0:00:03]} 10. Bxd6 {[%emt 0:00:02]} Qxd6 {[%emt 0:00:01]} 11. Nf4 {[%emt 0:00:01]} Re8 {[%emt 0:00:02]} 12. O-O {[%emt 0:00:02]} Nbd7 {[%emt 0:00:08]} 13. Re1 {[%emt 0:00:05]} Re7 {[%emt 0:00:02]} 14. Qc2 {[%emt 0:00:04]} Ne4 {[%emt 0:00:13]} 15. e3 {[%emt 0:00:08]} Bf5 {[%emt 0:00:08]} 16. Qd1 {[%emt 0:00:06]} Bh7 {[%emt 0:00:04]} 17. Rc1 {[%emt 0:00:04]} Rae8 {[%emt 0:00:02]} 18. Qa4 {[%emt 0:00:08]} a6 {[%emt 0:00:03]} 19. Qb3 {[%emt 0:00:09]} Nxg3 {[%emt 0:00:06]} 20. fxg3 {[%emt 0:00:03]} Rxe3 {[%emt 0:00:01]} 21. Rxe3 {[%emt 0:00:01]} Rxe3 {[%emt 0:00:01]} 22. Qxb7 {[%emt 0:00:27]} Rxg3 {[%emt 0:00:09]} 23. Nce2 {[%emt 0:00:02]} Re3 {[%emt 0:00:02]} 24. Qxc6 {[%emt 0:00:10]} Qe7 {[%emt 0:00:03]} 25. Nxd5 {[%emt 0:00:15]} Qe6 {[%emt 0:00:33]} 26. Nxe3 {[%emt 0:00:18]} Qxe3+ {[%emt 0:00:05]} 27. Kf1 {[%emt 0:00:01]} Bd3 {[%emt 0:00:09]} 28. Re1 {[%emt 0:00:20]} Nf6 {[%emt 0:00:10]} 29. Qf3 {[%emt 0:00:10]} Qe6 {[%emt 0:00:09]} 30. Kg1 {[%emt 0:00:10]} Bc4 {[%emt 0:00:09]} 31. Bh3 {[%emt 0:00:16]} Qd6 {[%emt 0:00:09]} 32. Qf4 {[%emt 0:00:31]} Qb6 {[%emt 0:00:05]} 33. b3 {[%emt 0:00:08]} Bd5 {[%emt 0:00:05]} 34. Nc3 {[%emt 0:00:08]} Ba8 {[%emt 0:00:01]} 35. Bg2 {[%emt 0:00:01]} Bxg2 {[%emt 0:00:05]} 36. Kxg2 {[%emt 0:00:01]} Qc6+ {[%emt 0:00:01]} 37. Qf3 {[%emt 0:00:03]} Qd6 {[%emt 0:00:01]} 38. Ne4 {[%emt 0:00:02]} Nxe4 {[%emt 0:00:06]} 39. Rxe4 {[%emt 0:00:02]} Qg6+ {[%emt 0:00:02]} 40. Qg4 {[%emt 0:00:02]} Qc6 {[%emt 0:00:05]} 41. Qf5 {[%emt 0:00:03]} g6 {[%emt 0:00:03]} 42. Qe5 {[%emt 0:00:02]} f5 {[%emt 0:00:06]} 43. d5 {[%emt 0:00:02]} Qc2+ {[%emt 0:00:05]} 44. Re2 {[%emt 0:00:03]} Qc5 {[%emt 0:00:02]} 45. Qe6+ {[%emt 0:00:01]} Kg7 {[%emt 0:00:01]} 46. Qe7+ {[%emt 0:00:01]} Kg8 {[%emt 0:00:01]} 47. Qxc5 {[%emt 0:00:03]} Kg7 {[%emt 0:00:01]} 48. Qc7+ {[%emt 0:00:01]} Kf6 {[%emt 0:00:01]} 49. Qe7# {[%emt 0:00:01] Mate Mate Mate} 1-0